Labrar el pasado : reflexiones sobre el oficio del historiador /
Kaydedildi:
| Yazar: | |
|---|---|
| Materyal Türü: | Kitap |
| Dil: | İspanyolca |
| Baskı/Yayın Bilgisi: |
Bogotá, Colombia : México :
Universidad del Rosario ; UAM Cuajimalpa,
2024, c2024
|
| Seri Bilgileri: | (Tierra Firme Universidad del Rosario)
|
| Konular: | |
| Etiketler: |
Etiket eklenmemiş, İlk siz ekleyin!
|
MARC
| LEADER | 00000nam^a2200000^a^4500 | ||
|---|---|---|---|
| 001 | 000627531 | ||
| 005 | 20260203000000.0 | ||
| 009 | 20260310134056.487 | ||
| 020 | |a 978-958-500-287-6 | ||
| 020 | |a 978-607-28-3139-1 | ||
| 037 | |a Acervo ITESO - Biblioteca | ||
| 041 | |a ESP | ||
| 082 | |a 907. 2 |b ARC | ||
| 100 | |a Archila Neira, Mauricio |e (autor) | ||
| 245 | 1 | 0 | |a Labrar el pasado : |b reflexiones sobre el oficio del historiador / |c M. Archila Neira. |
| 264 | 4 | |a Bogotá, Colombia : |b Universidad del Rosario ; |a México : |b UAM Cuajimalpa, |c 2024, c2024 | |
| 300 | |a 258 p. | ||
| 336 | |a texto |b txt |2 rdacontenido | ||
| 337 | |a sin mediación |b n |2 rdamedio | ||
| 338 | |a volumen |b nc |2 rdasoporte | ||
| 440 | 1 | |a (Tierra Firme Universidad del Rosario) | |
| 521 | |a FIL 2025 DIA | ||
| 649 | |a XX | ||
| 650 | |a Historiadores Ingleses | ||
| 650 | |a Historiadores Colombianos | ||
| 650 | |a Memoria Social | ||
| 650 | |a Verdad | ||
| 650 | |a Historiografía - |x Tema Principal | ||
| 650 | |a Historia Social - |z Latinoamérica | ||
| 650 | |a Historia Social | ||
| 650 | |a Historia - |x Metodología | ||
| 650 | |a Historia - |x Teoría | ||
| 650 | |a Hobsbawm, Eric J. | ||
| 650 | |a Lievano Aguirre, Indalecio | ||
| 910 | |a Fondo General | ||
| 920 | |a Impresos - Libros | ||
| 930 | |a Colección General | ||
| 905 | |a 101 | ||
| 901 | |a 627531-10 |b IT1 |c ACC |i C192462 |u 20260203 | ||
| 902 | |a https://opac.biblio.iteso.mx/vufind/Record/000627531 | ||